000 00332nam a2200145Ia 4500
005 20251222141800.0
008 251222s9999||||xx |||||||||||||| ||spa||
020 _a8403092091
082 _a863.64/S27
100 _aSavater, Fernando
245 2 _aA Caballo entre Milenios
250 _a1ra.ed.
264 _bAguilar
942 _cLIB
999 _c6122
_d6122